Cuentos I / (Registro nro. 8809)

Detalles MARC
000 -LIDER
fixed length control field 00967nam a22003017a 4500
001 - NÚMERO DE CONTROL
Identificador de número de control 0136
003 - IDENTIFICACDOR DE NÚMERO DE CONTROL
control field DO-SdBNP
005 - DATE AND TIME OF LATEST TRANSACTION
control field 20151119104323.0
007 - CAMPOS FIJOS DE DESCRIPCIÓN FÍSICA
fixed length control field 0136
008 - ELEMENTOS DE LONGITUD FIJA
fixed length control field 151005b1970 sp 00| 0 spa d
020 ## - ISBN
International Standard Book Number 8420612774
040 ## - FUENTE DE CATALOGACIÓN
Agencia que crea de manera original el registro BPMSU
Idioma de catalogación spa
Agencia que realiza la transcripción BPMSU
092 ## - LOCALLY ASSIGNED DEWEY DECIMAL CALL NUMBER
Número de clasificación XXXX
Número de ítem (Cutter) XXXX
100 1# - ASIENTO PRINCIPAL -- NOMBRE PERSONAL
Nombre personal Allan Poe, Edgar
245 10 - MENCIÓN DE TITULO
Título Cuentos I /
Mención de responsabilidad Tessa Board ; prólogo y traducción Julio Cortázar
260 ## - PUBLICACIÓN, DISTRIBUCIÓN, ETC. (PIE DE IMPRENTA)
Lugar de publicación, distribución, etc Madrid :
Nombre del editor, distribuidor, etc. Alianza editorial,
Fecha de publicación, distribución, etc 1970.
Fecha de impresión reimpr. 1990.
300 ## - DESCRIPCIÓN FÍSICA
Extensión 536 p. :
Dimensiones 18 cm.
490 1# - MENCIÓN DE SERIES
Mención de serie Alianza editorial
Volume/sequential designation 277
500 ## - NOTA GENERAL
Nota general Libro de bolsillo
500 ## - NOTA GENERAL
Nota general La biblioteca posee la decimoséptima reimpresión del 1990
505 1# - NOTA DE CONTENIDO
Título Introducción --
-- Jóvenes depredadores --
-- Aves --
-- Hechos para correr --
-- La lucha por la vida --
-- El vínculo materno --
521 1# - TARGET AUDIENCE NOTE
Target audience note A partir de los 12 años
700 1# - ASIENTO SECUNDARIO -- NOMBRE PERSONAL
Nombre personal Cortázar, Julio
Mención de responsabilidad prol.
830 #0 - ASIENTO SECUNDARIO DE SERIE--TÍTULO UNIFORME
Título uniforme Alianza editorial
Número de la parte o sección de una obra 277
910 ## - VALIDACIÓN
Validación 202
942 ## - ADDED ENTRY ELEMENTS (KOHA)
Source of classification or shelving scheme Dewey Decimal Classification
Koha item type Libros
956 ## - LOCAL ELECTRONIC LOCATION AND ACCESS (OCLC)
Nombre de host Yngrid Lockward
Existencias
Withdrawn status Lost status Source of classification or shelving scheme Damaged status Not for loan Collection code Home library Current library Date acquired Source of acquisition Total Checkouts Barcode Date last seen Price effective from Koha item type
    Dewey Decimal Classification       Biblioteca Pública Metropolitana Salomé Ureña Biblioteca Pública Metropolitana Salomé Ureña 11/19/2015 Donación   BPMET15110377 11/19/2015 11/19/2015 Libros